000
00503nam a2200181Ia 4500
008
100917s9999 xx 000 0 und d
082
_b
34043
100
_a
केळकर इंदूमति
245
_a
प्रतिशोध
260
_b
ललित प्रकाशन
_c
1973
300
_a
156
365
_b
10
520
_a
कादंबरी
630
_a
प्रतिशोध
650
_a
कादंबरी
730
_a
प्रतिशोध
942
_c
BOOK
999
_c
639437
_d
639434